| 000 | 00635nam a2200229#a 4500 | ||
|---|---|---|---|
| 001 | 01728 | ||
| 003 | HDC | ||
| 007 | ta | ||
| 008 | 230623s2000 xx 000 0 eng d | ||
| 040 | _aHDC | ||
| 050 |
_amara HF5246.6 _b .D57 2000 |
||
| 245 | 0 |
_a Directory bumi exporters : _bMalaysia products for the world. |
|
| 264 |
_aKuala Lumpur : _bMajlis Amanah Rakyat, _c2000-. |
||
| 300 |
_a107p. ; _c 24cm. |
||
| 650 |
_aBusiness enterprises _zMalaysia _vDirectories. |
||
| 650 |
_aIndustries _zMalaysia _vDirectories. |
||
| 710 | _aMara Amanah Rakyat | ||
| 942 | _2lcc | ||
| 942 | _cBK | ||
| 942 | _kmara HF5246.6 | ||
| 942 | _m .D57 2000 | ||
| 999 |
_c23293 _d23293 |
||